000 00381nam a2200133Ia 4500
005 20250516145652.0
008 250516s9999 xx 000 0 und d
020 _a9780226718767
082 _a616.9792
_bSLO
100 _aSlotten, Ross A.
245 0 _aPlague Years: A Doctor’S Journey Through The Aids Crisis
260 _bUniversity of Chicago Press
_c2020
942 _cENGLISH
999 _c571156
_d571156